[Event "IECC O-2613"]
[Site "IECC email"]
[Date "2007.06.17"]
[Round "?"]
[White "Hunter, David"]
[Black "Stearns, Ron"]
[Result "0-1"]
[WhiteElo "1127"]
[BlackElo "1225"]
[PlyCount "50"]
[EventDate "2007.??.??"]
[EventType "swiss (corr)"]
[EventRounds "2"]
[SourceTitle "Corr 2011"]
[Source "ChessBase"]
[SourceDate "2010.08.31"]
[SourceVersion "1"]
[SourceVersionDate "2010.08.31"]
[SourceQuality "1"]
[WhiteTeam "US of America"]
[BlackTeam "South Africa"]
[WhiteTeamCountry "USA"]
[BlackTeamCountry "RSA"]

1. e4 d6 2. d4 Nf6 3. Nc3 g6 4. Nf3 Bg7 5. Bc4 0-0 6. d5 c6 7. 0-0 b5 8. Bb3 Bd7 9. Bf4 h6 10. h3 g5 11. Nxg5 b4 12. Ne2 hxg5 13. Bxg5 Nxe4 14. Bc1 c5 15. Qd3 Nf6 16. Re1 Re8 17. Ng3 a5 18. Ne4 Nxe4 19. Qxe4 Na6 20. c4 bxc3 21. g4 cxb2 22. Bc2 f5 23. gxf5 bxa1Q 24. f6 exf6 25. Qh7+ Kf8 0-1

[Event "IECC O-2094"]
[Site "IECC email"]
[Date "2004.11.04"]
[Round "?"]
[White "Hunter, David"]
[Black "Reni, Norbert"]
[Result "1-0"]
[WhiteElo "1109"]
[BlackElo "1200"]
[PlyCount "53"]
[EventDate "2004.??.??"]
[EventType "swiss (corr)"]
[EventRounds "2"]
[SourceTitle "Corr 2020"]
[Source "ChessBase"]
[SourceDate "2019.09.30"]
[SourceVersion "1"]
[SourceVersionDate "2019.09.30"]
[SourceQuality "1"]
[WhiteTeam "United States"]
[BlackTeam "Australia"]
[WhiteTeamCountry "USA"]
[BlackTeamCountry "AUS"]

1. e4 e5 2. Nf3 d6 3. d4 Nf6 4. Nc3 d5 5. Bg5 Be7 6. Bxf6 Bxf6 7. dxe5 Be7 8. exd5 0-0 9. Bb5 Bc5 10. 0-0 a6 11. Bc4 c6 12. e6 Qb6 13. exf7+ Kh8 14. Na4 Qb4 15. Qd3 Be7 16. Rfe1 b5 17. Qe3 Bd6 18. Nb6 Rxf7 19. Qe8+ Rf8 20. Qh5 g6 21. Qh6 Bf4 22. Qh4 Ra7 23. Nxc8 Rxc8 24. Qxf4 Qxc4 25. Qf6+ Rg7 26. Re7 Rcg8 27. Ng5 1-0